| 000 | 01917nam0a2200325 4500 | ||
|---|---|---|---|
| 001 | RU\NLR\bibl\1911330 | ||
| 005 | 20260406052819.0 | ||
| 010 |
_a978-5-7262-1523-5 _9410 |
||
| 021 |
_aRU _b2012-36053 _92677 |
||
| 035 | _a(NLR Aleph) 001900859 | ||
| 090 |
_a3046213 _c3046213 |
||
| 100 | _a20120606d2011 |||y0rusy50 ca | ||
| 101 | 0 |
_arus _aeng |
|
| 102 | _aRU | ||
| 105 | _ay ||||||||| | ||
| 200 | 1 |
_aТренажер для студентов-физиков: видо-временная система английского глагола _eпрактическое руководство по обучению переводу с английского языка на на русский _eучебно-методическое пособие для студентов высших учебных заведений _fА.А. Захаров, М.В. Ползунова _gМ-во образования и науки Рос. Федерации, Нац. исслед. ядерный ун-т "МИФИ", Озерский технол. ин-т |
|
| 210 |
_aМосква _cНациональный исследовательский ядерный университет "МИФИ" _d2011 |
||
| 215 |
_a167 с. _d20 |
||
| 225 | 1 | _aСоциально-экономический цикл | |
| 320 | _aБиблиогр.: с. 166-167 (31 назв.) | ||
| 606 | 1 |
_aАнглийский язык _xУчебные издания для физиков _92455979 _3RU\NLR\auth\661459822 |
|
| 686 | _aШ143.21-93рус328.2 | ||
| 700 | 1 |
_4070 _8rus _7ca _aЗахаров _bА. А. _cд-р филос. наук, языковед _f1950- _gАркадий Аркадьевич _3RU\NLR\AUTH\777692 _9117624 |
|
| 701 | 1 |
_aПолзунова _bМ. В. _gМарина Владимировна _4070 |
|
| 801 | 0 |
_aRU _bNLR _c20120606 _gRCR |
|
| 801 | 1 |
_aRU _bNLR _c20120606 |
|
| 942 | _cBOOK | ||
| 980 | _aNB | ||